Państwo po piosence - Eurowizja 2024 - Statystyki

Ogólne statystyki
  • Ten quiz został rozwiązany 383 razy
  • Średni wynik to 30 z 37
Statystyki odpowiedzi
Tytuł Państwo % Poprawnych
"The Tower" Polska
96%
"The Code" Szwajcaria
95%
"Teresa & Maria" Ukraina
94%
"Rim Tim Dagi Dim" Chorwacja
93%
"Mon amour" Francja
93%
"Europapa" Holandia
93%
"No Rules" Finlandia
89%
"La noia" Włochy
89%
"Hurricane" Izrael
87%
"Veronika" Słowenia
87%
"Unforgettable" Szwecja
87%
"Doomsday Blue" Irlandia
86%
"Luktelk" Litwa
85%
"Zorra" Hiszpania
84%
"Dizzy" Wielka Brytania
82%
"We will rave" Austria
81%
"Before The Party's Over" Belgia
80%
"(nendest) narkootikumidest ei tea me (küll) midagi" Estonia
79%
"Jako" Armenia
78%
"ZARI" Grecja
78%
"Fighter" Luksemburg
78%
"Always On The Run" Niemcy
78%
"Ramonda" Serbia
78%
"Liar" Cypr
77%
"Firefighter" Gruzja
77%
"Sand" Dania
76%
"Ulveham" Norwegia
76%
"Pedestal" Czechy
75%
"Hollow" Łotwa
75%
"Özünlə Apar" Azerbejdżan
74%
"11:11" San Marino
74%
"One Milkali" Australia
69%
"Grito" Portugalia
69%
"Titan" Albania
67%
"Scared of Heights" Islandia
67%
"Loop" Malta
66%
"In The Middle" Mołdawia
63%
Nie znaleziono quizów pasujących do podanych kryteriów
Rozkład punktacji
Procent ludzi z każdym wynikiem
Percentyl według liczby udzielonych odpowiedzi
Twoja historia wyników
Nie rozwiązałeś tego quizu